000 00391nam a2200145Ia 4500
008 220217s9999||||xx |||||||||||||| ||und||
020 _a81-259-1375-0
082 _a342.954 PYL
100 _aPylee, M.V
245 0 _aIntroduction to the constitution of india
250 _a4th
260 _aVikas publishing house
_bBangalore
_c2005
300 _b145
650 _aPOLOTICAL SCIENCE
999 _c173798
_d173798